LDR 00647naa#a2200157#i#450# 001 EN\\bibl\19962 005 20260701084947.3 100 ## _a20260630b2026####ek#y0engy0150####ca 102 ## _aRU 200 1# _aON THE APPLICATION OF SYSTEM ANALYSIS METHODS IN THE DESIGN AND DEVELOPMENT OF SECURE SOFTWARE _eConference article/thesis 210 1# _aVoronezh _cFSBE Institution of Higher Education Voronezh State University of Forestry and Technologies named after G.F. Morozov _d2026 215 ## _a7 с. 608 ## _aConference article/thesis _2local 675 ## _aСистемный анализ. 303.732.4 _z 700 #1 _aKravchenko _gAndrey Sergeevich 856 4# _abibl.vgltu.ru _u